Holiday Spelling Test Quiz Stats

 Plays Quiz Updated Apr 30, 2018

Challenge
Share
Tweet
Embed
Score 0/18 Timer 04:00
2 Plays Today
Question Answer Wrong Answers
Hanukkah menorah
88.1%
menora
4%
minorah
6%
manora
1.6%
July 14 Bastille Day
85%
Bastile Day
4.3%
Bonfire Night Guy Fawkes
84.6%
Guy Fawks
5.3%
Guy Fox
1.5%
Guy Fauks
2.4%
Munich festival Oktoberfest
84.1%
Octoberfest
3.6%
St. Patrick's Day Guinness
80.8%
Giness
1.8%
Guiness
11.9%
Ginness
0.5%
November 1 All Saints' Day
70.9%
All Saint's Day
16.6%
What we do on holidays commemorate
63.5%
commemmorate
10%
comemorate
2.5%
comemmorate
11.3%
Festival of Lights Diwali
63.4%
Dwali
10%
Duwali
9.9%
Djwali
7.6%
Holy Week Maundy Thursday
63.4%
Maunday Thursday
11.5%
Monday Thursday
16.9%
November 11 Remembrance Day
61.3%
Rememberance Day
20.5%
Remembrence Day
2.8%
Rememberence Day
6%
Roman festival Saturnalia
59.3%
Saturnelia
11.8%
Saturnala
7.3%
Saturnilia
9.1%
Day of the Dead Día de Muertos
56.7%
Día de Muertas
20.7%
Día da Meurtos
6%
Día da Meurtas
4.1%
December 26 - January 1 Kwanzaa
55.5%
Kwanza
14.6%
Kwaanza
23%
April 25 in Australia & New Zealand Anzac Day
54.5%
Aznac Day
17.1%
Acnaz Day
3.8%
Azcan Day
14.2%
Festivus The Feats of Strength
49.9%
The Feet of Strength
2.4%
The Feast of Strength
26.4%
The Fête of Strength
9.8%
Groundhog Day Punxsutawney
45.6%
Punxsutawny
21.8%
Punxsatawnie
6.9%
Punxutawny
14.6%
End of Ramadan Eid al-Fitr
41.4%
Eid al-Fizr
16.9%
Eid al-Fikr
19.5%
Eid al-Fivr
10.3%
Cinco de Mayo Battle of Puebla
40%
Battle of Pueblo
49.5%

You're not logged in!

Compare scores with friends on all Sporcle quizzes.
OR
Log In

You Might Also Like...

Show Comments

Extras

Top Quizzes Today


Score Distribution

Your Account Isn't Verified!

In order to create a playlist on Sporcle, you need to verify the email address you used during registration. Go to your Sporcle Settings to finish the process.

Report this User

Report this user for behavior that violates our Community Guidelines.

Details: